Parteispendenproblematik
| Beteiligte: | |
|---|---|
| Medienart: | Druck Buch |
| Sprache: | Deutsch |
| Veröffentlicht: |
Köln
Deubner
1986
|
| In: |
Schriftenreihe des Instituts für Konfliktforschung (11)
Jahr: 1986 |
| Bestand in Tübingen: | In Tübingen vorhanden. IFK: S LXXXV 11 |
| Verfügbarkeit prüfen: | HBZ Gateway |
| Subito Bestelldienst: | Jetzt bestellen. |
| Schlagwörter: |
MARC
| LEADER | 00000cam a2200000 c 4500 | ||
|---|---|---|---|
| 001 | 274139790 | ||
| 003 | DE-627 | ||
| 005 | 20260206201442.0 | ||
| 007 | tu | ||
| 008 | 860812s1986 gw ||||| 00| ||ger c | ||
| 015 | |a 86,A24,0394 |2 dnb | ||
| 016 | 7 | |a 860534278 |2 DE-101 | |
| 020 | |a 3886060926 |9 3-88606-092-6 | ||
| 035 | |a (DE-627)274139790 | ||
| 035 | |a (DE-603)004351762 | ||
| 035 | |a (DE-576)012067202 | ||
| 035 | |a (DE-599)GBV274139790 | ||
| 035 | |a (OCoLC)230839070 | ||
| 035 | |a (OCoLC)230839070 | ||
| 035 | |a (OCoLC)16353601 | ||
| 040 | |a DE-627 |b ger |c DE-627 |e rakwb | ||
| 041 | |a ger | ||
| 044 | |c XA-DE | ||
| 082 | 0 | |a 342.43/078 | |
| 082 | 0 | |a 344.30278 | |
| 082 | 0 | |a 342.43078 |a 344.30278 |q LoC |2 DDC19oclc | |
| 084 | |a 19 |a 17 |2 sdnb | ||
| 084 | |a 19 |a 17 |a 16 |2 sdnb | ||
| 084 | |a 3,6 |2 ssgn | ||
| 084 | |a PP 3665 |2 rvk |0 (DE-625)rvk/138509:283 | ||
| 084 | |a PL 381 |2 rvk |0 (DE-625)rvk/136983: | ||
| 084 | |a PH 4120 |2 rvk |0 (DE-625)rvk/136113: | ||
| 084 | |a PP 3476 |2 rvk |0 (DE-625)rvk/138497:284 | ||
| 084 | |a PP 3905 |2 rvk |0 (DE-625)rvk/138522:283 | ||
| 084 | |a 89.30 |2 bkl | ||
| 084 | |a 89.61 |2 bkl | ||
| 245 | 0 | 0 | |a Parteispendenproblematik |c mit Beitr. von Gerhard Dannecker ... |
| 264 | 1 | |a Köln |b Deubner |c 1986 | |
| 300 | |a XVIII, 201 S. | ||
| 336 | |a Text |b txt |2 rdacontent | ||
| 337 | |a ohne Hilfsmittel zu benutzen |b n |2 rdamedia | ||
| 338 | |a Band |b nc |2 rdacarrier | ||
| 490 | 1 | |a Strafrecht und Gesellschaft |v 11 | |
| 500 | |a Literaturverz. S. 185 - 197 | ||
| 650 | 0 | 7 | |0 (DE-588)4121452-3 |0 (DE-627)105769495 |0 (DE-576)209543396 |a Parteispende |2 gnd |
| 650 | 0 | 7 | |0 (DE-588)4116614-0 |0 (DE-627)105805432 |0 (DE-576)209503033 |a Steuerrecht |2 gnd |
| 650 | 0 | 7 | |0 (DE-588)4057795-8 |0 (DE-627)106149458 |0 (DE-576)209123737 |a Strafrecht |2 gnd |
| 655 | 7 | |a Aufsatzsammlung |0 (DE-588)4143413-4 |0 (DE-627)105605727 |0 (DE-576)209726091 |2 gnd-content | |
| 655 | 7 | |a Konferenzschrift |0 (DE-588)1071861417 |0 (DE-627)826484824 |0 (DE-576)433375485 |2 gnd-content | |
| 655 | 7 | |a Konferenzschrift |y 1985 |z München |0 (DE-588)1071861417 |0 (DE-627)826484824 |0 (DE-576)433375485 |2 gnd-content | |
| 689 | 0 | 0 | |d s |0 (DE-588)4121452-3 |0 (DE-627)105769495 |0 (DE-576)209543396 |a Parteispende |2 gnd |
| 689 | 0 | 1 | |d s |0 (DE-588)4116614-0 |0 (DE-627)105805432 |0 (DE-576)209503033 |a Steuerrecht |2 gnd |
| 689 | 0 | |5 DE-101 | |
| 689 | 1 | 0 | |d s |0 (DE-588)4121452-3 |0 (DE-627)105769495 |0 (DE-576)209543396 |a Parteispende |2 gnd |
| 689 | 1 | 1 | |d s |0 (DE-588)4057795-8 |0 (DE-627)106149458 |0 (DE-576)209123737 |a Strafrecht |2 gnd |
| 689 | 1 | |5 DE-101 | |
| 689 | 2 | 0 | |d g |0 (DE-588)4011889-7 |0 (DE-627)104732423 |0 (DE-576)208896201 |a Deutschland |g Bundesrepublik |2 gnd |
| 689 | 2 | 1 | |d s |0 (DE-588)4121452-3 |0 (DE-627)105769495 |0 (DE-576)209543396 |a Parteispende |2 gnd |
| 689 | 2 | |5 (DE-627) | |
| 689 | 3 | 0 | |d s |0 (DE-588)4121452-3 |0 (DE-627)105769495 |0 (DE-576)209543396 |a Parteispende |2 gnd |
| 689 | 3 | 1 | |d s |0 (DE-588)4048737-4 |0 (DE-627)106189719 |0 (DE-576)20907907X |a Recht |2 gnd |
| 689 | 3 | |5 (DE-627) | |
| 689 | 4 | 0 | |d s |0 (DE-588)4121452-3 |0 (DE-627)105769495 |0 (DE-576)209543396 |a Parteispende |2 gnd |
| 689 | 4 | 1 | |d s |0 (DE-588)4116614-0 |0 (DE-627)105805432 |0 (DE-576)209503033 |a Steuerrecht |2 gnd |
| 689 | 4 | |5 (DE-627) | |
| 689 | 5 | 0 | |d s |0 (DE-588)4121452-3 |0 (DE-627)105769495 |0 (DE-576)209543396 |a Parteispende |2 gnd |
| 689 | 5 | 1 | |d s |0 (DE-588)4057795-8 |0 (DE-627)106149458 |0 (DE-576)209123737 |a Strafrecht |2 gnd |
| 689 | 5 | |5 (DE-627) | |
| 689 | 6 | 0 | |d s |0 (DE-588)4121452-3 |0 (DE-627)105769495 |0 (DE-576)209543396 |a Parteispende |2 gnd |
| 689 | 6 | |5 (DE-627) | |
| 689 | 7 | 0 | |d s |0 (DE-588)4121452-3 |0 (DE-627)105769495 |0 (DE-576)209543396 |a Parteispende |2 gnd |
| 689 | 7 | |5 (DE-627) | |
| 700 | 1 | |a Dannecker, Gerhard |d 1952- |e Mitarb. |0 (DE-588)134156064 |0 (DE-627)562104860 |0 (DE-576)160674190 |4 oth | |
| 810 | 2 | |a Institut für Konfliktforschung |g Köln |t Schriftenreihe des Instituts für Konfliktforschung |v 11 |9 11 |w (DE-627)167741896 |w (DE-576)006452299 |w (DE-600)568696-9 |x 0344-1849 |7 am | |
| 889 | |w (DE-627)026505843 | ||
| 889 | |w (DE-627)161575447 | ||
| 935 | |i mdedup | ||
| 935 | |i Blocktest | ||
| 936 | r | v | |a PP 3665 |b Monographien |k Rechtswissenschaft |k Finanz-, Steuer- und Zollrecht |k Steuerrecht |k Steuerliches Verfahrensrecht |k Abgabenordnung |k Steuerstrafrecht (§§ 369 - 415) |k Steuerstrafrecht (§§ 369 - 415) |k Monographien |0 (DE-627)1271556197 |0 (DE-625)rvk/138509:283 |0 (DE-576)201556197 |
| 936 | r | v | |a PL 381 |b Partei (BF Politische Partei), Parteirecht (BF Partei/Recht) |k Rechtswissenschaft |k Staatsrecht und Verfassungsgeschichte |k Staatsrecht und Verfassungsrecht |k Das Staatsrecht der Bundesrepublik Deutschland |k Staatsform |k Partei (BF Politische Partei), Parteirecht (BF Partei/Recht) |0 (DE-627)1271267160 |0 (DE-625)rvk/136983: |0 (DE-576)201267160 |
| 936 | r | v | |a PH 4120 |b Einzeldarstellungen |k Rechtswissenschaft |k Strafrecht, Strafverfahrensrecht, Kriminologie |k Nebenstrafrecht |k Finanz- und Steuerstrafrecht |k Einzeldarstellungen |0 (DE-627)1271677121 |0 (DE-625)rvk/136113: |0 (DE-576)201677121 |
| 936 | r | v | |a PP 3476 |b Sammelwerke, Reihen |k Rechtswissenschaft |k Finanz-, Steuer- und Zollrecht |k Steuerrecht |k Steuerliches Verfahrensrecht |k Abgabenordnung |k Steuerschuldrecht (§§ 33 - 77) |k Steuerbegünstigte Zwecke (§§ 51 - 68) |k Sammelwerke, Reihen |0 (DE-627)1399051695 |0 (DE-625)rvk/138497:284 |0 (DE-576)329051695 |
| 936 | r | v | |a PP 3905 |b Monographien |k Rechtswissenschaft |k Finanz-, Steuer- und Zollrecht |k Steuerrecht |k Materielles Steuerrecht - Steuerarten |k Behandlung übergreifender Sachverhalte im materiellen Steuerrecht |k Allgemeines |k Monographien |0 (DE-627)1399053698 |0 (DE-625)rvk/138522:283 |0 (DE-576)329053698 |
| 936 | b | k | |a 89.30 |j Politische Systeme: Allgemeines |0 (DE-627)106413848 |
| 936 | b | k | |a 89.61 |j Politische Parteien |0 (DE-627)106417495 |
| 936 | s | n | |a p100 |2 mzub |
| 936 | s | n | |a q100 |2 mzub |
| 936 | s | n | |a m100 |2 mzub |
| 951 | |a BO | ||
| ELC | |b 1 | ||
| LOK | |0 000 xxxxxcx a22 zn 4500 | ||
| LOK | |0 001 3240028832 | ||
| LOK | |0 003 DE-627 | ||
| LOK | |0 004 274139790 | ||
| LOK | |0 005 20020607000000 | ||
| LOK | |0 008 940729||||||||||||||||ger||||||| | ||
| LOK | |0 040 |a DE-21-110 |c DE-627 |d DE-21-110 | ||
| LOK | |0 852 |a DE-21-110 | ||
| LOK | |0 852 1 |c S LXXXV 11 |m p |9 00 | ||
| LOK | |0 935 |a k110 | ||
| LOK | |0 936ln |a 10.4.3 | ||
| LOK | |0 938 |k p | ||
| LOK | |0 939 |a 29-07-94 |b l01 | ||
| ORI | |a SA-MARC-krimdoka001.raw | ||
| SIG | |a IFK: S LXXXV 11 | ||
| TIM | |a 100019490523_100019901002 |b 1949-05-23 - 1990-10-02 | ||
